000
00278nam a22001337a 4500
008
171219b xxu||||| |||| 00| 0 eng d
020
_a
9780939798629
041
_a
eng
080
_a
51
100
_a
38
101
_a
MAT
245
_a
ALGEBRA 2
_c
SAXON.J.H
942
_2
udc
_c
BK
999
_c
39166
_d
39166